000 00817nam a2200265Ia 4500
003 OSt
005 20221005110342.0
006 a|||||r|||| 00| 0
007 ta
008 221004b |||||||| |||| 00| 0 hin d
020 _a8170166985 (hbk)
024 _a32684
037 _cTextual
040 _aCRL
_cCRL
_bhin
041 _2hin
_ahin
082 _aP:795, 152P5
100 _aतिवारी, भोलानाथ
245 0 _aअनुवादविज्ञान
246 _aAnuvādavijnyāna
260 _aनई दिल्ली
_bकिताब घर भारत
_c2005
300 _a195पृ.
_ccm.
650 _aहिन्दी भाषा
942 _hP:795, 152P5
_cTEXL
_2cc
999 _c1018552
_d1018552